000 00236nam a2200097Ia 4500
001 1053134
005 20250827001259.0
008 250824s9999 xx 000 0 und d
245 0 _aKENDİNİ BULMAK
_cİNSAN FAZILOĞLU
260 _bKETEBE
999 _c1053134
_d1053134